书目信息 |
| 题名: |
网页设计制作员
|
|
| 作者: | 吴志刚 主编 | |
| 分册: | 四级 | |
| 出版信息: | 北京 中国劳动社会保障出版社 2014.04 |
|
| 页数: | 484页 | |
| 开本: | 25cm | |
| 丛书名: | ||
| 单 册: | ||
| 中图分类: | TP393.092 | |
| 科图分类: | ||
| 主题词: | 网页制作工具 , 网页制作工具--职业培训--教材 | |
| 电子资源: | ||
| ISBN: | 978-7-5167-0920-7 | |
| 000 | 01072nam0 2200313 450 | |
| 001 | 0100140672 | |
| 005 | 20141020221502.0 | |
| 010 | @a978-7-5167-0920-7@dCNY68.00 | |
| 100 | @a20140616d2014 em y0chiy50 ea | |
| 101 | 0 | @achi |
| 101 | 11 | @achi |
| 102 | @aCN@b110000 | |
| 105 | @ay z 000yy | |
| 106 | @ar | |
| 200 | 1 | @a网页设计制作员@Awang ye she ji zhi zuo yuan@i四级@b专著@f吴志刚主编@Fwu zhi gang zhu bian |
| 205 | @a3版 | |
| 210 | @a北京@c中国劳动社会保障出版社@d2014.04 | |
| 215 | @a484页@d25cm | |
| 300 | @a1+X职业技术·职业资格培训教材 | |
| 304 | @a人力资源和社会保障部教材办公室、中国就业培训技术指导中心上海分中心、上海市职业技能鉴定中心组织编写 | |
| 330 | @a本书共分为7章,其内容包括网站项目开发知识、网站中的多媒体应用、网页效果图制作、前端开发、表单验证、网页动画制作及建站与优化等。 | |
| 540 | @a网页设计制作员 | |
| 606 | 0 | @a网页制作工具 |
| 606 | 0 | @a网页制作工具@x职业培训@j教材 |
| 690 | @aTP393.092@v5 | |
| 701 | 0 | @a吴志刚@Awu zhi gang@4主编 |
| 801 | @aCN | |
| 901 | @a001 | |
| 905 | @b1103791-3@dTP393.092@eW921@f3@a241430 | |
| 网页设计制作员.四级/吴志刚主编.-3版.-北京:中国劳动社会保障出版社,2014.04 |
| 484页;25cm |
| 1+X职业技术·职业资格培训教材 |
| ISBN 978-7-5167-0920-7:CNY68.00 |
| 本书共分为7章,其内容包括网站项目开发知识、网站中的多媒体应用、网页效果图制作、前端开发、表单验证、网页动画制作及建站与优化等。 |
| ● |
| 相关链接 |
|
|
|
正题名:网页设计制作员
索取号:TP393.092/W921
 
预约/预借
| 序号 | 登录号 | 条形码 | 馆藏地/架位号 | 状态 | 备注 |
| 1 | 1103791 | 211037910 | 自科库301/301自科库 129排2列1层/ [索取号:TP393.092/W921] | 在馆 | |
| 2 | 1103792 | 211037929 | 自科二线404/301自科库 126排1列4层/ [索取号:TP393.092/W921] | 在馆 | |
| 3 | 1103793 | 211037938 | 自科库301/301自科库 129排2列1层/ [索取号:TP393.092/W921] | 在馆 |